A Pénzvilág. - 20.évf. (1930) 12. sz.
Elmentve itt :
| Dokumentumtípus: | Folyóirat |
|---|---|
| Megjelent: |
1930
|
| Sorozat: | A Pénzvilág
20 No. 12 |
| Online Access: | http://misc.bibl.u-szeged.hu/69356 |
| LEADER | 00446nas a2200133 i 4500 | ||
|---|---|---|---|
| 001 | misc69356 | ||
| 005 | 20211013131908.0 | ||
| 008 | 211013s1930 hu o 0|| zxx d | ||
| 040 | |a SZTE Miscellanea Repozitórium |b hun | ||
| 041 | |a zxx | ||
| 245 | 0 | 2 | |a A Pénzvilág. - 20.évf. (1930) 12. sz. |h [elektronikus dokumentum] |
| 260 | |c 1930 | ||
| 490 | 0 | |a A Pénzvilág |v 20 No. 12 | |
| 856 | 4 | 0 | |u http://misc.bibl.u-szeged.hu/69356/1/penzvilag_1930_012.pdf |z Dokumentum-elérés |